01013nam a2200205 a 450000100060000000300080000600500170001400800410003103500190007204000220009104100080011308200260012110000500014724504170019726000580061430000220067265000380069465000360073270000390076883438BD-RjUL20250430103337.0240321s1974 ii |||||||||||||||||urd d a(BD-RjUL)83438 aNNLbaracBD-RjUL0 aurd 223a954.092bAZG 19741 aآزاد، ابو الكلام،d1888-195810a غبار خاطر : قلعۂ احمدنگر کى اسىرى (از 19 اگست 42 تا 15 جون 1945) کے زمانے کى بعضى تحرىرات / G̲h̲ubār-i k̲h̲āt̤ir : Qilʻah-yi Aḥmadnagar kī asīrī (az 19 Agast 42 tā 15 Jūn 1945) ke zamāne kī baʻẓī taḥrīrāt /cاز ابوالكلام آزاد ؛ مرتبه مالك رام. Abūlkalām Āzād martabah Malik Ram aنئى دلى :bساهتيه اكادمى،c1974. a308 p. ص.c18 cm aPersonal correspondence Statesmen a Statesmen India Correspondence1 a Ram, Malik ;; رام، مالك